Sixth international symposium on flower bulbs
Furkejuvvon:
| Váldodahkkit: | , , |
|---|---|
| Materiálatiipa: | Girji |
| Giella: | eaŋgalasgiella |
| Almmustuhtton: |
Wageningen
ISHS
1992
|
| Ráidu: | Acta Horticulturae, 325
|
| Fáttát: | |
| Fáddágilkorat: |
Lasit fáddágilkoriid
Eai fáddágilkorat, Lasit vuosttaš fáddágilkora!
|
MARC
| LEADER | 00000nam a2200000 a 4500 | ||
|---|---|---|---|
| 001 | UCX8519 | ||
| 003 | CL-VaPUC | ||
| 005 | 20211204074437.0 | ||
| 008 | 940412e19920000ne 1 eng d | ||
| 082 | 0 | 4 | |a 635.9 |b SAN |2 21 |
| 100 | 1 | |a Saniewski, M |e author |9 616937 | |
| 700 | 1 | |a Beyersbergen, J. C. M |e author |9 616938 | |
| 700 | 1 | |a Bogatko, W |e author |9 616939 | |
| 245 | 1 | 0 | |a Sixth international symposium on flower bulbs |
| 260 | |a Wageningen |b ISHS |c 1992 | ||
| 300 | |a 2 v | ||
| 490 | 0 | |a Acta Horticulturae, 325 | |
| 583 | |a last modification |c 20190821 08:56:54 |k Rodrigo Vera | ||
| 650 | 0 | 0 | |a Floricultura |9 264401 |
| 942 | |c BK | ||
| 945 | |a mfernand |d 19940412 00:00:00 | ||
| 546 | |a En Inglés | ||
| 536 | |a ISHS | ||
| 518 | |p International Symposium on Flower Bulbs, 6, Skierniewice, 1992 | ||
| 999 | |c 382202 |d 382200 | ||